ბათუმის შოთა რუსთაველის სახელმწიფო უნივერსიტეტის ბიბლიოთეკა

აუდიტი. (ბიბ.ჩანაწერი № 34898)

000 -ლიდერი
ფიქსირებული სიგრძის საკონტროლო ველი 01356nam a2200253Ia 4500
001 - საკონტროლო ნომერი
საკონტროლო ველი 721
003 - საკონტროლო ნომრის იდენტიფიკატორი
საკონტროლო ველი GE_BSU
005 - ბოლო ოპერაციის თარიღი და დრო
საკონტროლო ველი 20260108150659.0
008 - ფიქსირებული სიგრძის მონაცემთა ელემენტები - ზოგადი ინფორმაცია
ფიქსირებული სიგრძის საკონტროლო ველი 181216s2010||||ge |||||||||||||| ||geo||
040 ## - კატალოგიზაციის წყარო
Transcribing agency GE_BSU
041 ## - ენის კოდი
Language code of text/sound track or separate title geo
080 ## - უნივერსალური ათობითი კლასიფიკაციის ინდექსი
Universal Decimal Classification number 657.5 მ-83
100 ## - მთავარი ჩანაწერი - პიროვნების სახელი
Personal name მონტგომერი.
9 (RLIN) 26627
245 ## - ცნობა სათაურის შესახებ
Title აუდიტი.
Remainder of title [სახელმძღვანელო] /
Statement of responsibility, etc მონტგომერი ; [რუს. ვარიანტიდან თარგმნა ნარგიზა ფხაკაძემ ; რედ. ნოდარ ქებაძე] ;
264 ## - წარმოების, გამოცემის, დისტრიბუციის და სხვა ცნობები
გამოცემის, წარმოების, დისტრიბუციის... ადგილი თბილისი :
გამოცემის, წარმოების, დისტრიბუციის... სახელწოდება ,,ფინანსები''
გამოცემის, წარმოების, დისტრიბუციის... თარიღი [2010]
300 ## - ფიზიკური აღწერა
Extent 597 გვ. :
Other physical details ტაბ. ;
Dimensions 20 სმ.
653 ## - INDEX TERM--UNCONTROLLED
Uncontrolled term აუდიტი -- სახელმძღვანელოები უმაღლესი სასწავლებლებისათვის
653 ## - INDEX TERM--UNCONTROLLED
Uncontrolled term აუდიტი
653 ## - INDEX TERM--UNCONTROLLED
Uncontrolled term ბუღალტერია
700 ## - ADDED ENTRY--PERSONAL NAME
Personal name ფხაკაძე, ნარგიზ
Relator term მთარგმნელი
9 (RLIN) 26628
700 ## - ADDED ENTRY--PERSONAL NAME
Personal name ქებაძე, ნოდარ
Relator term რედაქტორი
9 (RLIN) 26629
710 ## - ADDED ENTRY--CORPORATE NAME
Corporate name or jurisdiction name as entry element საქ. პარლამენტთან არსებული აუდიტ. საქმიანობის საბჭო.
9 (RLIN) 26630
942 ## - ADDED ENTRY ELEMENTS (KOHA)
Koha item type წიგნი
Source of classification or shelving scheme
ეგზემპლარები
ჩამოწერის სტატუსი დაკარგული ეგზემპლარის სტატუსი კლასიფიკაციის წყარო ან თაროზე გაწყობის სქემა დაზიანების სტატუსი არ გაიცემა მუდმივი მდებარეობა (დაცვის ადგილი) ამჟამინდელი ადგილსამყოფელი თაროზე განთავსების ადგილი შეძენის თარიღი ღირებულება, შესყიდვის ნორმალური ფასი სრული შენახვის შიფრი შტრიხკოდი ბოლო ოპერაციის თარიღი ეგზემპლარის მიმდევრობითი ნომერი (კეტერი?) ფასის ძალაში შესვლის თარიღი ეგზემპლარის სახეობა საჯარო შენიშვნა
          ბათუმის შოთა რუსთაველის სახელმწიფო უნივერსიტეტის მთავარი ბიბლიოთეკა ბათუმის შოთა რუსთაველის სახელმწიფო უნივერსიტეტის მთავარი ბიბლიოთეკა წიგნსაცავი 2018-12-17 20.00 657.5 მ-83 951 2018-12-17 951 2018-12-17 წიგნი 20.00
          ბათუმის შოთა რუსთაველის სახელმწიფო უნივერსიტეტის მთავარი ბიბლიოთეკა ბათუმის შოთა რუსთაველის სახელმწიფო უნივერსიტეტის მთავარი ბიბლიოთეკა წიგნსაცავი 2026-01-08 13.00 657.5 მ-83 73379 2026-01-08 73379 2026-01-08 წიგნი 13.00